| 000 -LEADER |
| fixed length control field |
00901nam a22002057a 4500 |
| 001 - CONTROL NUMBER |
| control field |
12515 |
| 003 - CONTROL NUMBER IDENTIFIER |
| control field |
BD-DhUAP |
| 005 - DATE AND TIME OF LATEST TRANSACTION |
| control field |
20201117102423.0 |
| 008 - FIXED-LENGTH DATA ELEMENTS--GENERAL INFORMATION |
| fixed length control field |
201117s2009 bg ||||| |||| 00| 0 ben d |
| 020 ## - INTERNATIONAL STANDARD BOOK NUMBER |
| International Standard Book Number |
9789843302311 |
| 040 ## - CATALOGING SOURCE |
| Original cataloging agency |
BD-DhUAP |
| Language of cataloging |
Ben |
| Transcribing agency |
BD-DhUAP |
| Modifying agency |
BD-DhUAP |
| 082 ## - DEWEY DECIMAL CLASSIFICATION NUMBER |
| Edition number |
23 |
| Classification number |
954.92 BAN |
| 245 ## - TITLE STATEMENT |
| Title |
বাঙলায় হার্মাদি-মগাই জলদস্যুর ইতিকথা : |
| Remainder of title |
মগের মুললুকে ফিরিঙ্গের বেসাতি / |
| Statement of responsibility, etc. |
নূরুল আলম আতিক কর্তৃক সংকলিত। |
| 260 ## - PUBLICATION, DISTRIBUTION, ETC. |
| Place of publication, distribution, etc. |
ঢাকা : |
| Name of publisher, distributor, etc. |
পান্ডুলিপি, |
| Date of publication, distribution, etc. |
২০০৯। |
| 300 ## - PHYSICAL DESCRIPTION |
| Extent |
৬৩ পৃষ্ঠা : |
| Other physical details |
চিত্র ; |
| Dimensions |
২২ সেমি.। |
| 650 ## - SUBJECT ADDED ENTRY--TOPICAL TERM |
| Topical term or geographic name entry element |
History |
| Geographic subdivision |
Bangladesh. |
| 651 ## - SUBJECT ADDED ENTRY--GEOGRAPHIC NAME |
| Geographic name |
Bangladesh |
| Form subdivision |
History. |
| 700 ## - ADDED ENTRY--PERSONAL NAME |
| Personal name |
আতিক, নূরুল আলম। |
| 942 ## - ADDED ENTRY ELEMENTS (KOHA) |
| Source of classification or shelving scheme |
|
| Koha item type |
Book |